000 01006nam a22002657a 4500
999 _c17243
_d17243
003 AR-CdUCM
008 190507b ||||| |||| 00| 0 spa d
040 _aMUNICIPALIDAD PROVINCIAL DEL CUSCO
_cBIBLIOTECA MUNICIPAL DEL CUSCO
041 _hfre
082 _a677.41 /
_bA31
100 _aAgulhon, Henri.
_937130
245 _aLos textiles químicos /
260 _aBuenos Aires : , [1965]
_bEUDEBA
_c1965.
300 _a125 paginas ;
_bCuadros,
_c20 cm.
440 _aCuadernos de EUDEBA
_n120
_937131
500 _aTitulo original : Les textiles chimiques
505 _aContenido : Reseña histórica de los textiles químicos -- Desarrollo y situación en la economía mundial -- Generalidades sobre las fibras textiles...
650 _aQuímica
_94512
650 _aTextiles artificiales
_937132
650 _aHidratos de carbono
_937133
650 _aFibras textiles
_96101
700 _aMenascé de Fendrik, Lucía (Traducción)
_937134
942 _2ddc
_cLIBROS
945 _awnts
_d2019-05-7